000 00833nam a2200265 i 4500
001 bg
100 1 _aŻENKIEWICZ, Marian
245 1 0 _aTworzywa wielkocząsteczkowe :
_bpolimeryzacja, właściwości, badania /
_cMarian Żenkiewicz.
260 _aBydgoszcz :
_bWydaw. Akademii Bydgoskiej im. Kazimierza Wielkiego,
_c2002.
300 _a149 s. :
_bil. ;
_c21 cm.
500 _aNa książce wyłącznie błędny ISBN.
504 _aBibliogr.
650 9 _aPolimery
650 9 _aPolimeryzacja
655 _aPodręczniki akademickie
015 _aPB 9798/2002
020 _a8370964204
040 _cBPK
041 0 _apol
080 _a678.7(075.8)
920 _a83-7096-420-4
942 _cKS
008 s pl f |000 0 pol
999 _c46006
_d46006
856 _uhttp://koha.tu.koszalin.pl/cgi-bin/koha/opac-detail.pl?biblionumber=46006
_yKatalog online BPK